000 00747nam a2200265Ia 4500
005 20260302114102.0
008 008 260114s9999 xx 000 0 eng d
020 _a9798881870027
037 _aTextbook
040 _aCRL
040 _beng
040 _cCRL
041 _2eng
041 _aeng
084 _qCRL
100 _aSalomo Friedlaender/Mynona
_91117715
245 4 _aThe Critical Introduction to Salomo Friedlaender/Mynona Twentieth-Century Performance Philosopher
260 _bBloomsbury
260 _bRowman & Littlefield
260 _c2024
650 _aPhilosophy
856 _uhttps://doi.org/10.5040/9798881870027?locatt=label:secondary_bloomsburyCollections
942 _cEBOOK
999 _c1681288
_d1681288